<?xml version="1.0" encoding="UTF-8"?>
<record
    xmlns:xsi="http://www.w3.org/2001/XMLSchema-instance"
    xsi:schemaLocation="http://www.loc.gov/MARC21/slim http://www.loc.gov/standards/marcxml/schema/MARC21slim.xsd"
    xmlns="http://www.loc.gov/MARC21/slim">

  <leader>01599nam2a2200289 i 4500</leader>
  <controlfield tag="001">RU\NLR\BIBL_A\010827108</controlfield>
  <controlfield tag="005">20240728202956.0</controlfield>
  <datafield tag="010" ind1=" " ind2=" ">
    <subfield code="a">9785170900787</subfield>
    <subfield code="9">4000</subfield>
  </datafield>
  <datafield tag="021" ind1=" " ind2=" ">
    <subfield code="a">RU</subfield>
    <subfield code="b">2015-54422</subfield>
    <subfield code="9">3213</subfield>
  </datafield>
  <datafield tag="035" ind1=" " ind2=" ">
    <subfield code="a">(NLR Aleph) 010827108</subfield>
  </datafield>
  <datafield tag="090" ind1=" " ind2=" ">
    <subfield code="a">10269467</subfield>
    <subfield code="c">10269467</subfield>
  </datafield>
  <datafield tag="100" ind1=" " ind2=" ">
    <subfield code="a">20150831d2015    u  y0rusy50      ca</subfield>
  </datafield>
  <datafield tag="101" ind1="1" ind2=" ">
    <subfield code="a">rus</subfield>
    <subfield code="c">swe</subfield>
  </datafield>
  <datafield tag="102" ind1=" " ind2=" ">
    <subfield code="a">RU</subfield>
  </datafield>
  <datafield tag="105" ind1=" " ind2=" ">
    <subfield code="a">y|||z|||000yy</subfield>
  </datafield>
  <datafield tag="200" ind1="1" ind2=" ">
    <subfield code="a">&#x41F;&#x43E;&#x434;&#x441;&#x43A;&#x430;&#x437;&#x43A;&#x438; &#x43F;&#x438;&#x444;&#x438;&#x438;</subfield>
    <subfield code="e">[&#x444;&#x438;&#x43D;&#x430;&#x43B; &#x441;&#x435;&#x43D;&#x441;&#x430;&#x446;&#x438;&#x43E;&#x43D;&#x43D;&#x43E;&#x439; &#x442;&#x440;&#x438;&#x43B;&#x43E;&#x433;&#x438;&#x438;</subfield>
    <subfield code="e">&#x440;&#x43E;&#x43C;&#x430;&#x43D;]</subfield>
    <subfield code="g">&#x43F;&#x435;&#x440;. &#x441; &#x448;&#x432;&#x435;&#x434;&#x441;&#x43A;&#x43E;&#x433;&#x43E; &#x415;&#x43B;&#x435;&#x43D;&#x44B; &#x422;&#x435;&#x43F;&#x43B;&#x44F;&#x448;&#x438;&#x43D;&#x43E;&#x439;</subfield>
  </datafield>
  <datafield tag="210" ind1=" " ind2=" ">
    <subfield code="d">2015</subfield>
  </datafield>
  <datafield tag="215" ind1=" " ind2=" ">
    <subfield code="a">470, [1] &#x441;.</subfield>
  </datafield>
  <datafield tag="225" ind1="1" ind2=" ">
    <subfield code="a">&#x41B;&#x443;&#x447;&#x448;&#x438;&#x439; &#x441;&#x43A;&#x430;&#x43D;&#x434;&#x438;&#x43D;&#x430;&#x432;&#x441;&#x43A;&#x438;&#x439; &#x442;&#x440;&#x438;&#x43B;&#x43B;&#x435;&#x440;</subfield>
  </datafield>
  <datafield tag="225" ind1="1" ind2=" ">
    <subfield code="a">&#x41C;&#x438;&#x440;&#x43E;&#x432;&#x43E;&#x439; &#x431;&#x435;&#x441;&#x442;&#x441;&#x435;&#x43B;&#x43B;&#x435;&#x440;</subfield>
  </datafield>
  <datafield tag="300" ind1=" " ind2=" ">
    <subfield code="a">&#x421;&#x43E;&#x434;&#x435;&#x440;&#x436;&#x438;&#x442; &#x43D;&#x435;&#x446;&#x435;&#x43D;&#x437;&#x443;&#x440;&#x43D;&#x443;&#x44E; &#x431;&#x440;&#x430;&#x43D;&#x44C;</subfield>
  </datafield>
  <datafield tag="461" ind1=" " ind2="0">
    <subfield code="1">001RU\NLR\BIBL_A\010669731</subfield>
    <subfield code="1">2000#$a&#x421;&#x43B;&#x430;&#x431;&#x43E;&#x441;&#x442;&#x44C; &#x412;&#x438;&#x43A;&#x442;&#x43E;&#x440;&#x438;&#x438; &#x411;&#x435;&#x440;&#x433;&#x43C;&#x430;&#x43D;$e&#x43A;&#x440;&#x438;&#x43C;&#x438;&#x43D;&#x430;&#x43B;&#x44C;&#x43D;&#x430;&#x44F; &#x442;&#x440;&#x438;&#x43B;&#x43E;&#x433;&#x438;&#x44F; &#x419;&#x435;&#x440;&#x43A;&#x435;&#x440;&#x430; &#x42D;&#x440;&#x438;&#x43A;&#x441;&#x441;&#x43E;&#x43D;&#x430; &#x438; &#x425;&#x43E;&#x43A;&#x430;&#x43D;&#x430; &#x410;&#x43A;&#x441;&#x43B;&#x430;&#x43D;&#x434;&#x435;&#x440;&#x430; &#x421;&#x443;&#x43D;&#x434;&#x43A;&#x432;&#x438;&#x441;&#x442;&#x430;$f&#x42D;&#x440;&#x438;&#x43A; &#x410;&#x440;&#x43A;&#x441;&#x43B; &#x421;&#x443;&#x43D;&#x434;$g&#x43F;&#x435;&#x440;. &#x441;&#x43E; &#x448;&#x432;&#x435;&#x434;. &#x410;&#x43D;&#x43D;&#x44B; &#x421;&#x430;&#x432;&#x438;&#x446;&#x43A;&#x43E;&#x439;$v[&#x427;. 3]</subfield>
    <subfield code="1">700#1$a&#x421;&#x443;&#x43D;&#x434;$b&#x42D;. &#x410;.$g&#x42D;&#x440;&#x438;&#x43A; &#x410;&#x43A;&#x441;&#x43B;$3RU\NLR\AUTH\770141654</subfield>
    <subfield code="9">9600644</subfield>
    <subfield code="a">&#x421;&#x443;&#x43D;&#x434;, &#x42D;. &#x410;.</subfield>
    <subfield code="c">&#x41C;&#x43E;&#x441;&#x43A;&#x432;&#x430;</subfield>
    <subfield code="d">2014</subfield>
    <subfield code="f">&#x42D;&#x440;&#x438;&#x43A; &#x410;&#x440;&#x43A;&#x441;&#x43B; &#x421;&#x443;&#x43D;&#x434;</subfield>
    <subfield code="n">&#x410;&#x421;&#x422;</subfield>
    <subfield code="o">&#x43A;&#x440;&#x438;&#x43C;&#x438;&#x43D;&#x430;&#x43B;&#x44C;&#x43D;&#x430;&#x44F; &#x442;&#x440;&#x438;&#x43B;&#x43E;&#x433;&#x438;&#x44F; &#x419;&#x435;&#x440;&#x43A;&#x435;&#x440;&#x430; &#x42D;&#x440;&#x438;&#x43A;&#x441;&#x441;&#x43E;&#x43D;&#x430; &#x438; &#x425;&#x43E;&#x43A;&#x430;&#x43D;&#x430; &#x410;&#x43A;&#x441;&#x43B;&#x430;&#x43D;&#x434;&#x435;&#x440;&#x430; &#x421;&#x443;&#x43D;&#x434;&#x43A;&#x432;&#x438;&#x441;&#x442;&#x430;</subfield>
    <subfield code="t">&#x421;&#x43B;&#x430;&#x431;&#x43E;&#x441;&#x442;&#x44C; &#x412;&#x438;&#x43A;&#x442;&#x43E;&#x440;&#x438;&#x438; &#x411;&#x435;&#x440;&#x433;&#x43C;&#x430;&#x43D;</subfield>
    <subfield code="v">[&#x427;. 3]</subfield>
  </datafield>
  <datafield tag="942" ind1=" " ind2=" ">
    <subfield code="c">BOOK</subfield>
  </datafield>
  <datafield tag="980" ind1=" " ind2=" ">
    <subfield code="a">NBR</subfield>
  </datafield>
</record>
